La Madera y el corcho /
محفوظ في:
| المؤلف الرئيسي: | |
|---|---|
| مؤلفون آخرون: | , |
| التنسيق: | كتاب |
| اللغة: | الإسبانية |
| منشور في: |
Valencia, España :
Universidad Politécnica de Valencia,
1996, c1996
|
| الموضوعات: | |
| الوسوم: |
لا توجد وسوم, كن أول من يضع وسما على هذه التسجيلة!
|
MARC
| LEADER | 00000nam^a2200000^a^4500 | ||
|---|---|---|---|
| 001 | 000052758 | ||
| 005 | 20250521000000.0 | ||
| 009 | 20260310090409.624 | ||
| 037 | |a Acervo ITESO - Biblioteca | ||
| 041 | |a ESP | ||
| 082 | |a 624. 184 |b PAL | ||
| 100 | |a Palaia Pérez, Liliana |e (autor) | ||
| 245 | 1 | 3 | |a La Madera y el corcho / |c L. Palaia Pérez, Vicente Galvañ Llopis, María Soriano Cubells. |
| 264 | 4 | |a Valencia, España : |b Universidad Politécnica de Valencia, |c 1996, c1996 | |
| 300 | |a 93 p. | ||
| 336 | |a texto |b txt |2 rdacontenido | ||
| 337 | |a sin mediación |b n |2 rdamedio | ||
| 338 | |a volumen |b nc |2 rdasoporte | ||
| 649 | |a XX | ||
| 650 | |a Madera | ||
| 650 | |a Corcho | ||
| 650 | |a Materiales de Construcción | ||
| 650 | |a Construcción | ||
| 650 | |a Ingeniería Civil | ||
| 650 | |a Arquitectura | ||
| 700 | |a Galvañ Llopis, Vicente |e (autor) | ||
| 700 | |a Soriano Cubells, María |e (autor) | ||
| 910 | |a Fondo General | ||
| 920 | |a Impresos - Libros | ||
| 930 | |a Colección General | ||
| 905 | |a 101 | ||
| 901 | |a 0500010659 |b IT1 |c ACC |u 20250521 | ||
| 902 | |a https://opac.biblio.iteso.mx/vufind/Record/000052758 | ||